Southville International School and Colleges
Your cart is empty.
  • Cart
  • Lists
    Public lists Eva Luna New books Lux_list list_1
    Your lists Log in to create your own lists
  • Log in to your account
  • Your cookies
  • Search history
Southville International School and Colleges
  • Advanced search
  • Recent comments
  • Most popular
  • Libraries

Log in to your account

Log in with GOOGLE


If you do not have an external account, but do have a local account, you can still log in:

  1. Home
  2. MARC view: What do sharks eat for dinner? :
Normal view MARC view ISBD view

What do sharks eat for dinner? : (Record no. 34567)

[ view plain ]
MARC details
000 -LEADER
fixed length control field 01353cam a22003734a 4500
003 - CONTROL NUMBER IDENTIFIER
control field OSt
005 - DATE AND TIME OF LATEST TRANSACTION
control field 20140310184450.0
008 - FIXED-LENGTH DATA ELEMENTS--GENERAL INFORMATION
fixed length control field 991126s2000 nyua b 001 0 eng
010 ## - LIBRARY OF CONGRESS CONTROL NUMBER
LC control number 99059899
020 ## - INTERNATIONAL STANDARD BOOK NUMBER
International Standard Book Number 0439229057
040 ## - CATALOGING SOURCE
Original cataloging agency DLC
Transcribing agency DLC
Modifying agency DLC
042 ## - AUTHENTICATION CODE
Authentication code pcc
-- lcac
050 00 - LIBRARY OF CONGRESS CALL NUMBER
Classification number QL 638.9
Item number .B474 2001
100 1# - MAIN ENTRY--PERSONAL NAME
Personal name Berger, Melvin.
9 (RLIN) 4942
245 10 - TITLE STATEMENT
Title What do sharks eat for dinner? :
Remainder of title questions and answers about sharks /
Statement of responsibility, etc Melvin and Gilda Berger ; illustrated by John Rice.
260 ## - PUBLICATION, DISTRIBUTION, ETC. (IMPRINT)
Place of publication, distribution, etc New York :
Name of publisher, distributor, etc Scholastic,
Date of publication, distribution, etc 2001.
300 ## - PHYSICAL DESCRIPTION
Extent 48 p. :
Other physical details col. ill. ;
Dimensions 21 cm.
490 1# - SERIES STATEMENT
Series statement Scholastic question & answer series
521 ## - TARGET AUDIENCE NOTE
Target audience note
526 ## - STUDY PROGRAM INFORMATION NOTE
Reading level 890
650 #0 - SUBJECT ADDED ENTRY--TOPICAL TERM
Topical term or geographic name as entry element Sharks
Form subdivision Miscellanea
-- Juvenile literature.
9 (RLIN) 27953
650 #1 - SUBJECT ADDED ENTRY--TOPICAL TERM
Topical term or geographic name as entry element Sharks
Form subdivision Miscellanea.
9 (RLIN) 27954
650 #1 - SUBJECT ADDED ENTRY--TOPICAL TERM
Topical term or geographic name as entry element Questions and answers.
9 (RLIN) 4945
700 1# - ADDED ENTRY--PERSONAL NAME
Personal name Berger, Gilda.
9 (RLIN) 4946
700 1# - ADDED ENTRY--PERSONAL NAME
Personal name Rice, John,
Dates associated with a name 1958-
Relator term ill.
9 (RLIN) 27955
800 1# - SERIES ADDED ENTRY--PERSONAL NAME
Personal name Berger, Melvin.
Title of a work Scholastic question and answer series.
9 (RLIN) 27956
906 ## - LOCAL DATA ELEMENT F, LDF (RLIN)
a 7
b cbc
c orignew
d 1
e ocip
f 19
g y-gencatlg
942 ## - ADDED ENTRY ELEMENTS (KOHA)
Source of classification or shelving scheme Library of Congress Classification
Koha item type
Holdings
Withdrawn status Lost status Source of classification or shelving scheme Damaged status Home library Current library Shelving location Date acquired Total Checkouts Full call number Barcode Date last seen Copy number Price effective from Koha item type
    Library of Congress Classification   Luxembourg Library Luxembourg Library Scholastic Reading Center Section 10/11/2013   QL 638.9 .B474 2001 LEX2871 04/18/2017 1 10/11/2013 Books
    Library of Congress Classification   Luxembourg Library Luxembourg Library Scholastic Reading Center Section 10/14/2013   QL 638.9 .B474 2001 LEX2870 04/18/2017 2 10/14/2013 Books
    Library of Congress Classification   Luxembourg Library Luxembourg Library Scholastic Reading Center Section 10/16/2013   QL 638.9 .B474 2001 SCHO0861 04/18/2017 3 10/16/2013 Books
    Library of Congress Classification   Luxembourg Library Luxembourg Library Scholastic Reading Center Section 10/16/2013   QL 638.9 .B474 2001 SCHO0858 10/26/2018 4 10/16/2013 Books
    Library of Congress Classification   Luxembourg Library Luxembourg Library Scholastic Reading Center Section 10/16/2013   QL 638.9 .B474 2001 SCHO0859 04/18/2017 5 10/16/2013 Books

What do sharks eat for dinner? :

APA

Berger M., Berger G. & Rice J. (2001). What do sharks eat for dinner?. New York: Scholastic.

Chicago

Berger Melvin, Berger Gilda and Rice John. 2001. What do sharks eat for dinner?. New York: Scholastic.

Harvard

Berger M., Berger G. and Rice J. (2001). What do sharks eat for dinner?. New York: Scholastic.

MLA

Berger Melvin, Berger Gilda and Rice John. What do sharks eat for dinner?. New York: Scholastic. 2001.

  • Place hold
  • Print
  • Cite
  • Add to your cart (remove)
  • Save record
    BIBTEX Dublin Core MARCXML MARC (non-Unicode/MARC-8) MARC (Unicode/UTF-8) MARC (Unicode/UTF-8, Standard) MODS (XML) RIS
  • More searches
    Search for this title in:
    Other Libraries (WorldCat) Other Databases (Google Scholar) Online Stores (Bookfinder.com) Open Library (openlibrary.org)

Exporting to Dublin Core...

SOUTHVILLE LIBRARY

Southville International School and Colleges Library

1281 Tropical Ave. Cor. Luxembourg St., BF Homes International, Las Pinas City

Tel. No. 8256374 / 252358 Loc. 117/146

Powered by Koha